Fashion Models (Pictures) - Statistics

General Stats
  • This quiz has been taken 177 times
  • The average score is 4 of 15
Answer Stats
Picture Answer % Correct
Naomi Campbell
93%
Kate Moss
83%
Iman
49%
Cara Delevingne
41%
Joan Smalls
25%
Karlie Kloss
25%
Coco Rocha
24%
Natasha Poly
17%
Milla Jovovich
16%
Jourdan Dunn
14%
Liu Wen
14%
David Gandy
13%
Francisco Lachowski
13%
Paulina Porizkova
13%
Fei Fei Sun
3%
No matching quizzes found
Score Distribution
Percent of People with Each Score
Percentile by Number Answered
Your Score History
You have not taken this quiz